Southville International School and Colleges
Your cart is empty.
  • Cart
  • Lists
    Public lists Eva Luna New books Lux_list list_1
    Your lists Log in to create your own lists
  • Log in to your account
  • Your cookies
  • Search history
Southville International School and Colleges
  • Advanced search
  • Recent comments
  • Most popular
  • Libraries

Log in to your account

Log in with GOOGLE


If you do not have an external account, but do have a local account, you can still log in:

  1. Home
  2. MARC view: Developing the leaders around you /
Normal view MARC view ISBD view

Developing the leaders around you / (Record no. 356897)

[ view plain ]
MARC details
000 -LEADER
fixed length control field 00537nam a2200205Ia 4500
008 - FIXED-LENGTH DATA ELEMENTS--GENERAL INFORMATION
fixed length control field 180523s9999 xx 000 0 und d
020 ## - INTERNATIONAL STANDARD BOOK NUMBER
International Standard Book Number 0-7852-7028-0
050 ## - LIBRARY OF CONGRESS CALL NUMBER
Classification number MAIN HD 57.7
050 ## - LIBRARY OF CONGRESS CALL NUMBER
Item number .M39 1995
100 ## - MAIN ENTRY--PERSONAL NAME
Personal name Maxwell, John C.
245 #0 - TITLE STATEMENT
Title Developing the leaders around you /
245 #0 - TITLE STATEMENT
Statement of responsibility, etc John C. Maxwell.
260 ## - PUBLICATION, DISTRIBUTION, ETC. (IMPRINT)
Place of publication, distribution, etc Nashville :
260 ## - PUBLICATION, DISTRIBUTION, ETC. (IMPRINT)
Name of publisher, distributor, etc Thomas Nelson Publishers,
260 ## - PUBLICATION, DISTRIBUTION, ETC. (IMPRINT)
Date of publication, distribution, etc 1995
300 ## - PHYSICAL DESCRIPTION
Extent 215 pages :
300 ## - PHYSICAL DESCRIPTION
Dimensions 20 cm.
500 ## - GENERAL NOTE
General note Includes bibliographical references.
650 ## - SUBJECT ADDED ENTRY--TOPICAL TERM
Topical term or geographic name as entry element Leadership.
Holdings
Withdrawn status Lost status Damaged status Home library Current library Shelving location Date acquired Cost, normal purchase price Total Checkouts Full call number Barcode Date last seen Price effective from Koha item type
      South Mansfield College South Mansfield College   03/07/2005 299.75   MAIN HD 57.7 .M39 1995 SMC00632 05/23/2018 05/23/2018  

Developing the leaders around you /

APA

Maxwell J. C., .Developing the leaders around you. Nashville: .

Chicago

Maxwell John C, .Developing the leaders around you. Nashville: .

Harvard

Maxwell J. C., .Developing the leaders around you. Nashville: .

MLA

Maxwell John C, .Nashville: . .

  • Place hold
  • Print
  • Cite
  • Add to your cart (remove)
  • Save record
    BIBTEX Dublin Core MARCXML MARC (non-Unicode/MARC-8) MARC (Unicode/UTF-8) MARC (Unicode/UTF-8, Standard) MODS (XML) RIS
  • More searches
    Search for this title in:
    Other Libraries (WorldCat) Other Databases (Google Scholar) Online Stores (Bookfinder.com) Open Library (openlibrary.org)

Exporting to Dublin Core...

SOUTHVILLE LIBRARY

Southville International School and Colleges Library

1281 Tropical Ave. Cor. Luxembourg St., BF Homes International, Las Pinas City

Tel. No. 8256374 / 252358 Loc. 117/146

Powered by Koha